Heidi Klums Halloween-Kostüme - Statistiken

Allgemein
  • Dieses Quiz wurde 19 mal gespielt
  • Das Durchschnittsergebnis liegt bei 13 aus 24
Antwortstatistiken
Bildquiz Hint Antwort % Korrekt
2024 E.T.
88%
2023 Pfau
88%
2022 Regenwurm
88%
2007 Katze
82%
2009 Krähe
82%
2011 Schimpanse
82%
2014 Schmetterling
76%
2006 Verbotene Frucht
71%
2017 Werwolf
71%
2018 Fiona
65%
2013 Großmutter
65%
2025 Medusa
65%
2012 Kleopatra
59%
2005 Vampir
59%
2021 Zombie
59%
2019 Alien
41%
2003 Alien
41%
2015 Jessica Rabbit
29%
2011 Körperwelten
29%
2002 Betty Boop
6%
2010 Superheldin
6%
2004 Hexe
0%
2008 Kali
0%
2001 Lady Godiva
0%
Keine übereinstimmenden Quizze gefunden
Verteilung der Resultate
Anzahl Personen mit jedem Resultat
Perzentil nach korrekt beantworteten Fragen
Ihre Resultats-Entwicklung
Sie haben dieses Quiz noch nicht gespielt